Fr. Conceicao Rodrigues College of Engineering

6 Most important decisions you will ever make (Record no. 30691)

MARC details
000 -LEADER
fixed length control field 00337nam a2200157Ia 4500
082 ## - DEWEY DECIMAL CLASSIFICATION NUMBER
Classification number 305.235
Item number COV
100 ## - MAIN ENTRY--PERSONAL NAME
Personal name Covey/Sean
245 ## - TITLE STATEMENT
Title 6 Most important decisions you will ever make
260 ## - PUBLICATION, DISTRIBUTION, ETC.
Name of publisher, distributor, etc. Simon
Date of publication, distribution, etc. 2006
366 ## - TRADE AVAILABILITY INFORMATION
Publishers's discount category 20
300 ## - PHYSICAL DESCRIPTION
Extent 324
546 ## - LANGUAGE NOTE
Language note ENGLISH
-- Computers
650 ## - SUBJECT ADDED ENTRY--TOPICAL TERM
Topical term or geographic name entry element General
942 ## - ADDED ENTRY ELEMENTS (KOHA)
Koha item type BOOK
Holdings
Withdrawn status Lost status Damaged status Not for loan Collection Home library Current library Date acquired Source of acquisition Cost, normal purchase price Inventory number Total Checkouts Full call number Barcode Date last seen Cost, replacement price Price effective from Koha item type
        CRC Fr. Agnel's C.Rodrigues College of Engineering Fr. Agnel's C.Rodrigues College of Engineering 17/03/2023 Book Service Syndicate 380.00 519 dt 28/03/2012   305.235 COV 21875 17/03/2023 475.00   BOOK